| 000 | 00838nam1a22002411i 4500 | ||
|---|---|---|---|
| 001 | v19\rc\1501269 | ||
| 005 | 20260405074455.0 | ||
| 035 | _a(NLR Aleph) 005232736 | ||
| 090 |
_a5622620 _c5622620 |
||
| 100 | _a20060620d1882 |||y0rusy50 ca | ||
| 101 | 0 | _arus | |
| 102 | _aRU | ||
| 105 | _ay z ||||| | ||
| 200 | 1 |
_aКалендарь крошка... _fСост. А.Н. Соколовым |
|
| 210 |
_aМинск _cТипо-лит. И. Тасьмана _d1882 |
||
| 215 | _d6 | ||
| 700 | 1 |
_4220 _8rus _7ca _aСоколов _bА.Н. _f1817-1903 _gАлександр Николаевич _cсвященник _3RU\NLR\AUTH\7726271 _99314 |
|
| 801 | 2 |
_aRU _bNLR _c20070827 _2rusmarc |
|
| 801 | 0 |
_aRU _bNLR _c20060620 _gpsbo |
|
| 801 | 0 |
_aRU _bRuMoRGB _c20060620 _2psbo |
|
| 801 | 1 |
_aRU _bProSoft-M _c20060620 _2rusmarc |
|
| 852 |
_aNLR _j18.92.8.211 |
||
| 942 | _cBOOK | ||